000 01005nam0a22002531 4500
001 rc\679606
005 20250621210501.0
035 _a(NLR Aleph) 005917050
090 _a6436990
_c6436990
100 _a20031121d1985 |||y0rusy50 ca
101 0 _arus
102 _aRU
105 _aa |||||||||
200 1 _aАвтоматизированная система для исследования радиационной ползучести материалов в ядерном реакторе БР-10
_eНазначение и принцип построения
_fА.С. Круглов, В.Н. Быков, С.И. Чубаров и др.
210 _aОбнинск
_cФЭИ
_d1985
215 _a[1], 6 с.
_cил.
_d20
225 1 _aФизико-энергетический институт
_vФЭИ-1735
320 _aБиблиогр.: с. 6
701 1 _aКруглов
_bА.С.
801 0 _aRU
_bNLR
_gpsbo
801 1 _aRU
_bELAR
_2rusmarc
852 _aNLR
_j86-4/21110
942 _cBOOK
980 _aNB